000 00962nam a2200277Ia 4500
003 OSt
005 20221005111116.0
006 a|||||r|||| 00| 0
007 ta
008 221004b |||||||| |||| 00| 0 hin d
020 _a9789387648425 (hbk)
_cINR 575.00
024 _a41331
037 _bGV794, 21/02/2019, Vani Prakashan
_cTextual
040 _aCRL
_cCRL
_bhin
041 _2hin
_ahin
082 _aO152,3N52x, Q7
100 _aउदय प्रकाश, ले.
245 0 _aअरेबा - परेबा
246 _aArebā - parebā
260 _aनई दिल्ली
_bवाणी प्रकाशन भारत
_c2017
300 _a236पृ0
_ccm.
650 _a हिन्दी साहित्य
650 _aहिन्दी कहानी
942 _hO152,3N52x, Q7
_cTEXL
_2cc
999 _c1020851
_d1020851